| 000 | 00413cam a2200169ua 4500 | ||
|---|---|---|---|
| 001 | 1181 | ||
| 008 | 110611n ii |||gr||||Z||||||eng | ||
| 040 | _cMAIN | ||
| 082 | _a332.4 | ||
| 245 | 1 | 0 |
_aOutline of money _cby Geoffrey Crowther |
| 260 |
_aNew Delhi: _bUniversal book stall,985. |
||
| 300 |
_axiii, 417p.: _c25cm. |
||
| 653 | _aEconomics | ||
| 653 | _aMoney | ||
| 700 | 1 | _aCrowther, Geoffrey., | |
| 942 | _cBK | ||
| 999 |
_c1091 _d1091 |
||